[Event "0pen Est 2012/2013"]
[Site "Aubagne"]
[Date "2013.02.02"]
[Round "5.17"]
[White "San-Nicolas, Robert"]
[Black "Pala, Gerard"]
[Result "1-0"]
[WhiteElo "1510"]
[BlackElo "1380"]
[PlyCount "99"]

1. Nf3 d5 2. d4 Nf6 3. Nbd2 g6 4. e3 Bg7 5. Bd3 O-O 6. O-O Bg4 7. h3 Bd7 8. e4
dxe4 9. Nxe4 Nd5 10. a3 c6 11. Bd2 Qb6 12. Qc1 Bxd4 13. Bh6 Re8 14. Nxd4 Qxd4
15. Rb1 Bf5 16. Re1 Bxe4 17. Rxe4 Qb6 18. c4 Nf6 19. Qc3 e5 20. Rxe5 Nbd7 21.
Rxe8+ Rxe8 22. b4 Qc7 23. g4 Qe5 24. Qd2 Qd4 25. Be3 Ne4 26. Qc2 Qc3 27. Bxe4
Qxc2 28. Bxc2 Ne5 29. Bb3 Nf3+ 30. Kg2 Ne5 31. Rd1 f5 32. Bf4 fxg4 33. Bxe5
gxh3+ 34. Kxh3 Rxe5 35. Rd7 Re2 36. c5+ Kf8 37. Kg2 h5 38. Rxb7 a6 39. Rb6 Re5
40. Rxc6 Rg5+ 41. Kf1 h4 42. Rf6+ Kg7 43. Rf3 Rh5 44. Be6 Re5 45. Bd7 Rd5 46.
c6 Rd1+ 47. Ke2 Rd6 48. c7 Rf6 49. Rxf6 Kxf6 50. c8=Q 1-0

[Event "0pen Est 2012/2013"]
[Site "Aubagne"]
[Date "2013.02.02"]
[Round "5.18"]
[White "Autouard, Jean Luc"]
[Black "Telouk, Olivier"]
[Result "0-1"]
[WhiteElo "1499"]
[BlackElo "1199"]
[PlyCount "54"]

1. e4 e5 2. Nf3 Nc6 3. Bb5 Nf6 4. Nc3 Bc5 5. d3 O-O 6. O-O d5 7. Re1 d4 8. Ne2
Bg4 9. Nh4 Nh5 10. Nf5 Bxf5 11. exf5 Qf6 12. g4 Nf4 13. Nxf4 exf4 14. Bxf4 Bd6
15. Qf3 Bxf4 16. Qxf4 Rac8 17. Kh1 a6 18. Bc4 Rce8 19. Rg1 g5 20. Qxc7 b5 21.
Bd5 Ne7 22. Be4 Rc8 23. Qg3 Rxc2 24. f4 h6 25. b4 Nc6 26. h4 gxf4 27. Qxf4
Qxh4+ 0-1

[Event "0pen Est 2012/2013"]
[Site "Aubagne"]
[Date "2013.02.02"]
[Round "5.19"]
[White "Cotton, Paul"]
[Black "Batalov, Azat"]
[Result "1-0"]
[WhiteElo "1320"]
[BlackElo "1499"]
[PlyCount "153"]

1. Nf3 c5 2. c4 Nc6 3. g3 g6 4. Bg2 Bg7 5. O-O Nf6 6. Nc3 O-O 7. Rb1 d6 8. b3
a6 9. Bb2 Bd7 10. Re1 Rb8 11. d3 b5 12. cxb5 axb5 13. a3 Qc7 14. Qd2 b4 15.
axb4 cxb4 16. Na2 Na5 17. Ba1 Be6 18. Nd4 Bd7 19. Nxb4 Qb6 20. Ndc2 Ng4 21. e3
Bxa1 22. Nd5 Qd8 23. b4 Nb3 24. Rxb3 Bg7 25. d4 Bh6 26. Na3 Ba4 27. Rb2 e6 28.
Nc3 Bd7 29. b5 Qa5 30. Nc4 Qc7 31. Rb4 d5 32. b6 Qd8 33. Na5 Rxb6 34. Nb7 Qc7
35. Rxb6 Qxb6 36. Rb1 Qa7 37. Nc5 Bc6 38. Bf1 Rb8 39. Nb5 Bxb5 40. Bxb5 Nf6 41.
Kg2 Bf8 42. Qc3 Rc8 43. Ra1 Qb6 44. Qb2 Bxc5 45. Ra6 Qb7 46. dxc5 Rxc5 47. Qxf6
Rxb5 48. Qd8+ Kg7 49. Qa8 Qxa8 50. Rxa8 e5 51. Kf3 f5 52. Ra7+ Kh6 53. Ra4 Kg5
54. h4+ Kf6 55. g4 d4 56. exd4 Rb3+ 57. Kg2 fxg4 58. dxe5+ Kxe5 59. Rxg4 Kf5
60. f3 Rb2+ 61. Kg3 h5 62. Rf4+ Ke5 63. Re4+ Kd5 64. Kf4 Rh2 65. Kg5 Rg2+ 66.
Kh6 Rg3 67. Rf4 Ke5 68. Rf7 Ke6 69. Rg7 Rxf3 70. Rxg6+ Rf6 71. Kxh5 Rxg6 72.
Kxg6 Ke7 73. Kg7 Ke6 74. h5 Kf5 75. h6 Kg5 76. h7 Kf5 77. h8=Q 1-0

[Event "0pen Est 2012/2013"]
[Site "Aubagne"]
[Date "2013.02.02"]
[Round "5.20"]
[White "Mallet, Philippe"]
[Black "Morata, Serge"]
[Result "1-0"]
[WhiteElo "1499"]
[BlackElo "1090"]
[PlyCount "69"]

1. f4 d5 2. Nf3 Nf6 3. e3 h6 4. b3 Bg4 5. Bb2 Nc6 6. Be2 e6 7. O-O Bd6 8. Ne5
Bf5 9. h3 h5 10. Nxc6 bxc6 11. Bxf6 Qxf6 12. c3 Ke7 13. Bxh5 g6 14. Bg4 Rh4 15.
Bxf5 Qxf5 16. Qe2 Rah8 17. Rf3 Qg4 18. hxg4 Rh1+ 19. Kf2 g5 20. Kg3 R1h4 21. e4
Bxf4+ 22. Rxf4 gxf4+ 23. Kxf4 f6 24. Na3 Rh1 25. Rxh1 Rxh1 26. Qa6 Kd7 27. exd5
cxd5 28. Qe2 c6 29. Nc2 c5 30. a4 e5+ 31. Kf5 Ke7 32. a5 Rh8 33. Qa6 Rf8 34.
Qe6+ Kd8 35. Qd6+ 1-0

[Event "0pen Est 2012/2013"]
[Site "Aubagne"]
[Date "2013.02.02"]
[Round "5.21"]
[White "Strate, Francois"]
[Black "Benezra, David"]
[Result "0-1"]
[WhiteElo "1389"]
[BlackElo "1472"]
[PlyCount "72"]

1. d4 Nf6 2. Nf3 g6 3. Nc3 Bg7 4. Bf4 d6 5. e4 O-O 6. h3 c5 7. Be2 cxd4 8. Nxd4
e5 9. Be3 exd4 10. Bxd4 Nc6 11. Be3 Re8 12. Bf3 a6 13. g4 Ne5 14. Bg2 b5 15.
O-O Bb7 16. Nd5 Nxd5 17. exd5 Nc4 18. Qf3 Bxb2 19. Rad1 Qf6 20. Qe2 Re7 21. Rd3
Rae8 22. Rfd1 Nxe3 23. fxe3 Be5 24. Rf1 Qh4 25. e4 b4 26. a4 bxa3 27. Rxa3 Bd4+
28. Kh2 Bxd5 29. Rd1 Be5+ 30. Kg1 Bb7 31. Rdd3 d5 32. Qd2 dxe4 33. Rd8 Rxd8 34.
Qxd8+ Kg7 35. Qa5 Bf6 36. Ra4 e3 0-1

[Event "0pen Est 2012/2013"]
[Site "Aubagne"]
[Date "2013.02.02"]
[Round "5.22"]
[White "Masson, Wally"]
[Black "Benvenuto, Richard"]
[Result "0-1"]
[WhiteElo "1270"]
[BlackElo "1460"]
[PlyCount "88"]

1. e4 c5 2. d3 g6 3. Nd2 Bg7 4. g3 d6 5. Bg2 Nf6 6. Ngf3 O-O 7. O-O Na6 8. c3
Nc7 9. h3 Bd7 10. Re1 Qc8 11. g4 e5 12. Nc4 Nfe8 13. Bg5 b5 14. Ncd2 Ne6 15.
Be7 Nf4 16. Bf1 h5 17. Nh2 Be6 18. Bxf8 Kxf8 19. f3 c4 20. dxc4 bxc4 21. Bg2
Nd3 22. Re3 Bh6 23. Re2 Qc5+ 24. Kh1 Nf2+ 25. Rxf2 Qxf2 26. Nhf1 Rd8 27. b3 d5
28. b4 dxe4 29. Qc2 Bxd2 30. Rd1 e3 31. Nxe3 Qxe3 32. b5 Nc7 33. a4 hxg4 34.
hxg4 Qh6+ 35. Kg1 Be3+ 36. Kf1 Rxd1+ 37. Qxd1 Nd5 38. a5 Qh4 39. Qe2 Qh2 40.
Ke1 Qg1+ 41. Bf1 Qg3+ 42. Kd1 Nxc3+ 43. Kc2 Nxe2 44. Bxe2 Qe1 0-1

[Event "0pen Est 2012/2013"]
[Site "Aubagne"]
[Date "2013.02.02"]
[Round "5.24"]
[White "Conti, Beatrice"]
[Black "Roche, Alain"]
[Result "0-1"]
[WhiteElo "1130"]
[BlackElo "1431"]
[PlyCount "86"]

1. e4 e6 2. Bc4 d5 3. exd5 exd5 4. Bb3 Nf6 5. h3 Bd6 6. c4 O-O 7. cxd5 Ne4 8.
Ne2 b6 9. O-O Ba6 10. d3 Nc5 11. Bc4 Nbd7 12. Bxa6 Nxa6 13. Bf4 Qf6 14. Qd2 h6
15. Qe3 Rfe8 16. Qf3 Rxe2 17. Qxe2 Qxf4 18. g3 Qf6 19. Nd2 Kf8 20. Ne4 Qd4 21.
Nxd6 cxd6 22. Qe4 Qf6 23. d4 Kg8 24. Rac1 Qd8 25. Rc6 Nf6 26. Qd3 Nb4 27. Qc4
Nxc6 28. Qxc6 Rc8 29. Qb7 Rc7 30. Qa6 Qd7 31. Kg2 Nxd5 32. Qd3 Nb4 33. Qd1 Qc6+
34. f3 Qd5 35. Re1 Rc2+ 36. Qxc2 Nxc2 37. Re7 Qxd4 38. b3 Qd2+ 39. Kg1 Kf8 40.
Rxa7 Ne3 41. Ra8+ Ke7 42. Ra7+ Kf6 43. Ra8 Qg2# 0-1

[Event "0pen Est 2012/2013"]
[Site "Aubagne"]
[Date "2013.02.02"]
[Round "5.25"]
[White "Danthier, Christophe"]
[Black "Plancq, Jacques"]
[Result "*"]
[WhiteElo "1499"]
[BlackElo "1340"]
[PlyCount "52"]

1. e4 d6 2. Nf3 Nf6 3. Bb5+ c6 4. Bd3 g6 5. O-O Bg7 6. Qe2 Nbd7 7. c3 b5 8. b3
Qc7 9. a4 bxa4 10. Rxa4 Nc5 11. Rc4 Ba6 12. Rxc5 Bxd3 13. Qxd3 dxc5 14. Qd8+
Rxd8 15. e5 Nd5 16. Re1 e6 17. c4 Nb4 18. Re3 O-O 19. Ng5 Nd3 20. Ba3 Nb4 21.
Rh3 h6 22. Bxb4 cxb4 23. d3 hxg5 24. Rg3 Bxe5 25. Rxg5 Bf6 26. Rc5 Rxd3 *

[Event "0pen Est 2012/2013"]
[Site "Aubagne"]
[Date "2013.02.02"]
[Round "5.26"]
[White "Lang, Michel"]
[Black "Catanese, Sauveur"]
[Result "1/2-1/2"]
[WhiteElo "1440"]
[BlackElo "1170"]
[PlyCount "133"]

1. d4 d6 2. Nf3 Nf6 3. Nc3 g6 4. Bf4 Bg7 5. e3 O-O 6. Be2 Nc6 7. h3 Re8 8. g4
a6 9. a3 b5 10. g5 Nd7 11. h4 Bb7 12. h5 e5 13. Bg3 exd4 14. Nd5 dxe3 15. c3
exf2+ 16. Bxf2 Nce5 17. Nxe5 Bxd5 18. Qxd5 Nxe5 19. O-O-O Qxg5+ 20. Kb1 Qf5+
21. Bd3 Qe6 22. Qg2 Nxd3 23. Rxd3 Qe4 24. Qxe4 Rxe4 25. hxg6 fxg6 26. Rdh3 h6
27. Be3 g5 28. Bd2 Rae8 29. R3h2 Re2 30. Rxe2 Rxe2 31. Kc1 Rf2 32. Re1 Bf8 33.
Re8 h5 34. Bxg5 Rg2 35. Bh6 Rf2 36. Be3 Rg2 37. Bd4 Rg3 38. Kc2 h4 39. Bf2 Rh3
40. Kd1 Rd3+ 41. Ke2 Rd5 42. Bxh4 Re5+ 43. Rxe5 dxe5 44. Kf3 Kf7 45. Ke4 Ke6
46. b3 c6 47. Bg3 Bxa3 48. Bxe5 Bb2 49. Bd4 c5 50. Bxc5 Bxc3 51. Kd3 Be1 52.
Kc2 Ba5 53. Kb2 Kd5 54. b4 Kc4 55. Ka3 Bd8 56. Bf8 Bc7 57. Be7 Bb6 58. Bf6 a5
59. Be7 axb4+ 60. Bxb4 Bc5 61. Bxc5 Kxc5 62. Kb3 b4 63. Kc2 Kc4 64. Kc1 Kc3 65.
Kb1 b3 (65... Kb3 66. Kc1 Ka2) 66. Kc1 b2+ 67. Kb1 1/2-1/2

[Event "0pen Est 2012/2013"]
[Site "Aubagne"]
[Date "2013.02.02"]
[Round "5.27"]
[White "Brongers, Claudine"]
[Black "Benner, Jean-Marc"]
[Result "0-1"]
[WhiteElo "1320"]
[BlackElo "1400"]
[PlyCount "138"]

1. e4 e6 2. d4 d5 3. Nd2 Nf6 4. e5 Nfd7 5. Bd3 c5 6. c3 Nc6 7. Ne2 cxd4 8. Nf3
dxc3 9. Nxc3 Ndxe5 10. Nxe5 Nxe5 11. Bb5+ Bd7 12. Qe2 Bxb5 13. Qxb5+ Qd7 14.
O-O Qxb5 15. Nxb5 Kd7 16. Bf4 Nd3 17. Bg3 Nxb2 18. Rac1 Nc4 19. Rfd1 Ke7 20. a3
a6 21. Nd4 Ke8 22. Rb1 b5 23. Re1 Bxa3 24. Nc2 Bd6 25. f4 g6 26. Nd4 Kd7 27.
Nf3 h6 28. Ne5+ Bxe5 29. fxe5 Rhb8 30. Bf2 Kc6 31. Rec1 a5 32. g4 g5 33. Kg2 a4
34. Rb4 a3 35. Kg3 Ra4 36. Rxa4 bxa4 37. Bd4 a2 38. Rc2 Rb3+ 39. Kg2 Rd3 40.
Ba1 Kd7 41. Rxa2 Rd2+ 42. Rxd2 Nxd2 43. Bd4 a3 44. Kf2 a2 45. Ke2 Nb3 46. Bb2
a1=Q 47. Bxa1 Nxa1 48. Kd3 Nb3 49. Kc3 Nc5 50. Kd4 Ne4 51. Kd3 Nf2+ 52. Kd2
Nxg4 53. h3 Nxe5 54. Ke3 Ke7 55. Kd4 h5 56. Kxe5 g4 57. hxg4 hxg4 58. Kf4 d4
59. Kxg4 f5+ 60. Kf4 Kf6 61. Kf3 e5 62. Ke2 e4 63. Kd2 f4 64. Ke2 Ke5 65. Kf2
d3 66. Ke1 e3 67. Kd1 f3 68. Ke1 d2+ 69. Kd1 f2 0-1

[Event "0pen Est 2012/2013"]
[Site "Aubagne"]
[Date "2013.02.02"]
[Round "5.29"]
[White "Lognos, Lina"]
[Black "Pietrac, Christian"]
[Result "0-1"]
[WhiteElo "1207"]
[BlackElo "1499"]
[PlyCount "24"]

1. c4 e5 2. e4 Bc5 3. Nf3 Nc6 4. Nc3 Nf6 5. d3 Ng4 6. h3 Nxf2 7. Qc2 Nxh1 8.
Na4 Bd4 9. Rb1 d6 10. b4 Bf2+ 11. Kd1 Nd4 12. Qb2 Nxf3 0-1

[Event "0pen Est 2012/2013"]
[Site "Aubagne"]
[Date "2013.02.02"]
[Round "5.30"]
[White "Attali, Josh"]
[Black "Mroz, Erwin"]
[Result "0-1"]
[WhiteElo "1199"]
[BlackElo "1420"]
[PlyCount "68"]

1. e4 c5 2. Nf3 e6 3. Nc3 a6 4. Bc4 b5 5. Be2 Bb7 6. O-O b4 7. d3 bxc3 8. bxc3
Qc7 9. d4 Bxe4 10. g3 f6 11. Bd3 Bxd3 12. Qxd3 c4 13. Qe4 Qc6 14. Qxc6 Nxc6 15.
Rb1 Rb8 16. Bf4 d6 17. Rxb8+ Nxb8 18. Rb1 Nd7 19. Nd2 e5 20. Be3 d5 21. a4 Bd6
22. dxe5 fxe5 23. f4 Ngf6 24. Rb7 O-O 25. Rxd7 exf4 26. Rxd6 fxe3 27. Nf3 Ne4
28. Rc6 Rxf3 29. Kg2 Rf2+ 30. Kh3 e2 31. a5 e1=Q 32. Rxa6 Qf1+ 33. Kg4 Rf4+ 34.
Kh5 Qh3# 0-1

[Event "0pen Est 2012/2013"]
[Site "Aubagne"]
[Date "2013.02.02"]
[Round "5.31"]
[White "Chouard, Hugo"]
[Black "Periale, Albert"]
[Result "0-1"]
[WhiteElo "1199"]
[BlackElo "1400"]
[PlyCount "38"]

1. e4 d5 2. Nc3 dxe4 3. Nxe4 Bf5 4. Bd3 e6 5. Nc5 Bxc5 6. g4 Bxd3 7. cxd3 Qd4
8. Qe2 Nf6 9. h3 O-O 10. Nf3 Qd6 11. a3 Nc6 12. Qf1 Rad8 13. b4 Bd4 14. g5 Nh5
15. Qe2 Bxa1 16. Nh4 Qe5 17. Nf3 Qxe2+ 18. Kxe2 Nf4+ 19. Ke3 Nxd3 0-1

[Event "0pen Est 2012/2013"]
[Site "Aubagne"]
[Date "2013.02.02"]
[Round "5.32"]
[White "Garbe, Georges"]
[Black "Turpin, Isabelle"]
[Result "1/2-1/2"]
[WhiteElo "1300"]
[BlackElo "1070"]
[PlyCount "119"]

1. e4 c5 2. c4 d6 3. Nc3 Nf6 4. f3 Nc6 5. Nge2 Be6 6. d3 a6 7. g3 g6 8. Bg2 Bg7
9. O-O Qc7 10. g4 h6 11. Nd5 Qb8 12. Rb1 Bd7 13. a3 e6 14. Nb6 Ra7 15. Na4 b5
16. Nac3 b4 17. Na4 Nd4 18. Nxd4 cxd4 19. Qc2 O-O 20. b3 Rc8 21. Bd2 a5 22.
axb4 axb4 23. Qb2 Ne8 24. Ra1 Ra5 25. Qa2 h5 26. g5 d5 27. Qb1 dxc4 28. Nb2
Rxa1 29. Qxa1 c3 30. Rc1 cxb2 31. Rxc8 Qxc8 32. Qxb2 Qb8 33. h3 f6 34. Qxd4
fxg5 35. Qxd7 Qb6+ 36. Kf1 Kf8 37. Bxg5 Nf6 38. Qc8+ Ke7 39. Qg8 Qd4 40. Qxg7+
Ke8 41. Bxf6 Qxd3+ 42. Kg1 Qd6 43. Qxg6+ Kd7 44. Qf7+ Kc6 45. Qxh5 Qc5+ 46. Kh1
Qxh5 47. e5 Qf5 48. f4+ Kc5 49. Be7+ Kd4 50. Bxb4 Qb1+ 51. Kh2 Qxb3 52. Be7 Ke3
53. Bg5 Kf2 54. Bh4+ Ke3 55. Bg3 Qd1 56. h4 Qh5 57. Kh3 Qf5+ 58. Kh2 Qh5 59.
Kh3 Qf5+ 60. Kh2 1/2-1/2

[Event "0pen Est 2012/2013"]
[Site "Aubagne"]
[Date "2013.02.02"]
[Round "5.33"]
[White "Monteil, Marie-Joseph"]
[Black "Tosato, Tony"]
[Result "1-0"]
[WhiteElo "1290"]
[BlackElo "1030"]
[PlyCount "87"]

1. e4 b6 2. d4 Bb7 3. d5 d6 4. c4 Nd7 5. Nd2 e5 6. Ngf3 Ngf6 7. Bd3 Nc5 8. Bc2
Qd7 9. b4 Ncxe4 10. Nxe4 Nxe4 11. Bxe4 Qg4 12. O-O Qxe4 13. Qa4+ Kd8 14. b5 h6
15. Re1 Qd3 16. Bb2 Be7 17. Rad1 Qg6 18. Qb3 Bf6 19. Qe3 Re8 20. Nd4 e4 21.
Nc6+ Bxc6 22. Bxf6+ Qxf6 23. bxc6 Qf5 24. a4 Qg5 25. f4 Qh4 26. Ra1 g5 27. fxg5
Qxg5 28. Qh3 Re7 29. Re3 Qe5 30. Rae1 Qd4 31. Qg4 a5 32. Qg8+ Re8 33. Qxf7 Re7
34. Qf5 Qe5 35. Qh3 Qd4 36. Kh1 Ke8 37. Qh5+ Kd8 38. Qh4 h5 39. Rxe4 Qxe4 40.
Rxe4 Kc8 41. Qxe7 Kb8 42. Qd8+ Ka7 43. Qxc7+ Ka6 44. Qb7# 1-0

[Event "0pen Est 2012/2013"]
[Site "Aubagne"]
[Date "2013.02.02"]
[Round "5.34"]
[White "Gousseau, Michel"]
[Black "Benezra, Ruthy"]
[Result "0-1"]
[WhiteElo "1150"]
[BlackElo "1335"]
[PlyCount "42"]

1. e4 c5 2. Nf3 a6 3. d4 cxd4 4. Nxd4 e5 5. Nb3 Nf6 6. Nc3 Bb4 7. f3 O-O 8. a3
Bxc3+ 9. bxc3 d5 10. Bd3 dxe4 11. fxe4 Bg4 12. Qd2 Qb6 13. Be2 Nxe4 14. Qd3
Qf2+ 15. Kd1 Bxe2+ 16. Qxe2 Nxc3+ 17. Kd2 Nxe2 18. Bb2 Nd4+ 19. Kc3 Qxc2+ 20.
Kb4 Ndc6+ 21. Ka4 b5# 0-1

[Event "0pen Est 2012/2013"]
[Site "Aubagne"]
[Date "2013.02.02"]
[Round "5.35"]
[White "Bessard, Serge"]
[Black "Pegon, Claude"]
[Result "1/2-1/2"]
[WhiteElo "1420"]
[BlackElo "1190"]
[PlyCount "80"]

1. d4 c5 2. e4 cxd4 3. Nf3 Nc6 4. Nxd4 g6 5. c3 Bg7 6. Be3 Nf6 7. Bd3 O-O 8.
O-O d6 9. h3 Bd7 10. Qc2 a6 11. Nd2 b5 12. a3 Nxd4 13. Bxd4 Rc8 14. Rae1 a5 15.
Qb1 Rb8 16. Nf3 b4 17. Qd1 e5 18. Be3 Re8 19. Qd2 d5 20. Qc2 dxe4 21. Bxe4 Nxe4
22. Qxe4 Bf5 23. Qc4 Bd3 24. Qb3 Bxf1 25. Kxf1 e4 26. Nd4 Qc7 27. cxb4 Qh2 28.
Nc6 Rb7 29. Nxa5 Rc7 30. Nc4 Rd8 31. Bc5 Qh1+ 32. Ke2 Qxg2 33. Nd6 Rb8 34. Qe3
f5 35. Qb3+ Kh8 36. Nf7+ Rxf7 37. Qxf7 h6 38. Qb3 Re8 39. Rd1 Qg5 40. Qf7 Rg8
1/2-1/2

[Event "0pen Est 2012/2013"]
[Site "Aubagne"]
[Date "2013.02.02"]
[Round "5.36"]
[White "Graccione, Angele"]
[Black "Periale, Francine"]
[Result "0-1"]
[WhiteElo "1499"]
[BlackElo "1100"]
[PlyCount "48"]

1. e4 c5 2. Nf3 d6 3. d4 Nf6 4. Nc3 g6 5. Be2 cxd4 6. Nxd4 Bg7 7. Be3 Bd7 8.
Qd2 O-O 9. O-O-O Nc6 10. f3 Ne5 11. Kb1 b5 12. f4 Nc4 13. Qc1 Rb8 14. g4 Nxe3
15. Qxe3 b4 16. Nd5 Qa5 17. g5 (17. Nxe7+ Kh8 18. g5 Nh5 19. Bxh5 gxh5) 17...
Nh5 18. f5 Rfc8 19. Nxe7+ Kf8 20. Nxc8 Rxc8 21. h4 b3 22. Nxb3 Qc7 23. Ba6
Qxc2+ 24. Ka1 Bxb2# 0-1

[Event "0pen Est 2012/2013"]
[Site "Aubagne"]
[Date "2013.03.10"]
[Round "6.1"]
[White "Cescon, Moreno"]
[Black "Israel, Daniel"]
[Result "1-0"]
[WhiteElo "1741"]
[BlackElo "1814"]
[PlyCount "72"]

1. b3 e5 2. Bb2 d6 3. e4 Nf6 4. d3 Be6 5. Nf3 h6 6. Be2 Be7 7. Nbd2 c5 8. O-O
Nc6 9. h3 Nh7 10. c3 Bf6 11. Nh2 Bg5 12. d4 cxd4 13. cxd4 Nxd4 14. Bxd4 exd4
15. Ndf3 Bf6 16. Nxd4 O-O 17. Nxe6 fxe6 18. Rc1 Qb6 19. Bc4 Ng5 20. Qg4 Bd4 21.
Rc2 Kh8 22. h4 Nf7 23. Bxe6 Ne5 24. Qh5 Nd3 25. Bf5 Rf6 26. Nf3 Be5 27. Nxe5
dxe5 28. Rd1 Rd8 29. Qf3 Rfd6 30. Rc8 Rxc8 31. Bxc8 Rf6 32. Bf5 Nb4 33. Qc3 Nc6
34. h5 Qb5 35. Rd5 Qb4 36. Qxb4 Nxb4 1-0

[Event "0pen Est 2012/2013"]
[Site "Aubagne"]
[Date "2013.03.10"]
[Round "6.2"]
[White "Massardo, Quentin"]
[Black "Cocordano, Claire"]
[Result "1-0"]
[WhiteElo "1736"]
[BlackElo "1536"]
[PlyCount "62"]

1. d4 Nf6 2. c4 g6 3. Nf3 Bg7 4. g3 d6 5. Bg2 O-O 6. O-O Nc6 7. d5 Na5 8. b3 c6
9. Bb2 cxd5 10. cxd5 b6 11. Nd4 Bd7 12. Nc3 Rc8 13. Rc1 a6 14. a4 Nb7 15. b4 a5
16. Nc6 Qe8 17. Qd4 axb4 18. Qxb4 Nc5 19. Qxb6 Bxc6 20. dxc6 Rb8 21. Qa7 Rxb2
22. c7 Qd7 23. Rfd1 Rc8 24. Nb5 Ne8 25. Qxc5 Rxe2 26. Bb7 Bh6 27. Bxc8 Qxc8 28.
Na7 Bxc1 29. Nxc8 Bd2 30. Nxe7+ Rxe7 31. c8=Q dxc5 1-0

[Event "0pen Est 2012/2013"]
[Site "Aubagne"]
[Date "2013.03.09"]
[Round "6.3"]
[White "Salvi, Michel"]
[Black "Bertrand, Frederic"]
[Result "1-0"]
[WhiteElo "1555"]
[BlackElo "1720"]
[PlyCount "57"]

1. e4 c5 2. Nf3 a6 3. d4 cxd4 4. Nxd4 e5 5. Nb3 Nf6 6. Bg5 h6 7. Bh4 Nc6 8. Be2
g5 9. Bg3 Nxe4 10. Bxe5 Nxe5 11. Qd5 Bg7 12. Qxe4 d5 13. Qe3 O-O 14. O-O Nc4
15. Qf3 Bxb2 16. Rd1 Qe7 17. Nc3 Bxc3 18. Qxc3 Qxe2 19. Rxd5 Be6 20. Nd4 Qe4
21. Nxe6 fxe6 22. Rd4 Qf5 23. Qxc4 Qxf2+ 24. Kh1 Rae8 25. h4 Rf4 26. Rxf4 Qxf4
27. Qd3 Qxh4+ 28. Kg1 Kg7 (28... Rf8 29. Qg6+ Kh8 30. Qxe6 Qd4+) 29. Qd7+ 1-0

[Event "0pen Est 2012/2013"]
[Site "Aubagne"]
[Date "2013.03.10"]
[Round "6.4"]
[White "Benezra, Amos"]
[Black "Cavanihac, Claude"]
[Result "1/2-1/2"]
[WhiteElo "1699"]
[BlackElo "1567"]
[PlyCount "88"]

1. e4 e5 2. Nf3 Nc6 3. Bc4 Be7 4. d4 exd4 5. Nxd4 Ne5 6. Bb3 Nf6 7. Nc3 c5 8.
Nf5 O-O 9. f4 Nc6 10. e5 Ne8 11. O-O d5 12. Nxe7+ Nxe7 13. Nxd5 Nxd5 14. Bxd5
Qb6 15. Be3 Nc7 16. Bb3 Be6 17. Bxe6 Nxe6 18. f5 Rfd8 19. Qg4 Nc7 20. b3 Rd5
21. Bc1 Rad8 22. Bb2 Ne8 23. Rad1 c4+ 24. Kh1 cxb3 25. cxb3 a6 26. a3 Qc6 27.
Rc1 Qb6 28. b4 Rd2 29. Bc3 R2d3 30. e6 f6 31. Qc4 Qc7 32. Qb3 Qe7 33. Rfd1 h6
34. Rxd3 Rxd3 35. Rd1 Rxd1+ 36. Qxd1 Qd6 37. Qb3 Kh7 38. h3 Qd3 39. Qa4 Nd6 40.
Qd7 Qf1+ 41. Kh2 Qf4+ 42. Kg1 Qe3+ 43. Kf1 Qd3+ 44. Kg1 Qe3+ 1/2-1/2

[Event "0pen Est 2012/2013"]
[Site "Aubagne"]
[Date "2013.03.10"]
[Round "6.5"]
[White "Gambino, Max"]
[Black "Noireaut, Hoan"]
[Result "1-0"]
[WhiteElo "1620"]
[BlackElo "1546"]
[PlyCount "65"]

1. e4 c5 2. d4 cxd4 3. c3 d6 4. Nf3 g6 5. Qxd4 Nf6 6. e5 Nc6 7. Bb5 Nd7 8. Bxc6
bxc6 9. exd6 Nf6 10. dxe7 Qxe7+ 11. Qe3 Qxe3+ 12. Bxe3 Ba6 13. Nbd2 Bg7 14. Rb1
O-O 15. c4 Rab8 16. b3 Rfe8 17. O-O Rb7 18. Rfe1 Rd8 19. Re2 Nd5 20. Rc1 Rbd7
21. Ne4 Nxe3 22. fxe3 Re7 23. Rd2 Rxd2 24. Nfxd2 Bh6 25. Nf6+ Kg7 26. Ng4 Bxe3+
27. Nxe3 Rxe3 28. Kf2 Re7 29. Nf3 Bc8 30. Rd1 f5 31. Rd6 Bb7 32. c5 h6 33. Nd4
1-0

[Event "0pen Est 2012/2013"]
[Site "MyTown"]
[Date "2013.03.09"]
[Round "6"]
[White "luc, Rene"]
[Black "velut, Pierre-Marie"]
[Result "1-0"]
[WhiteElo "1650"]
[BlackElo "1500"]
[PlyCount "83"]

1. c4 e6 2. Nc3 Nf6 3. e4 Nc6 4. Nf3 e5 5. d4 exd4 6. Nxd4 Bb4 7. Nxc6 bxc6 8.
Bd2 d6 9. Bd3 O-O 10. O-O Re8 11. Re1 a6 12. a3 Bc5 13. Be3 Bxe3 14. Rxe3 Bg4
15. f3 Bh5 16. Qe1 Bg6 17. Rd1 Qb8 18. b4 Qa7 19. Kh1 Re7 20. Qg1 d5 21. Ree1
d4 22. Na4 Rd8 23. Nc5 Re5 24. f4 Rxc5 25. bxc5 Qxc5 26. Ra1 Ng4 27. h3 Qh5 28.
Be2 Qh6 29. Bxg4 Qxf4 30. Bf3 d3 31. Qe3 Qd6 32. Rad1 Qe5 33. Rd2 f5 34. Rxd3
Rxd3 35. Qxd3 fxe4 36. Qd8+ Kf7 37. Qd7+ Kf8 38. Bg4 Qf4 39. Qd1 e3 40. Qe2 Qe4
41. Qf3+ Qxf3 42. Bxf3 1-0

[Event "0pen Est 2012/2013"]
[Site "Aubagne"]
[Date "2013.03.10"]
[Round "6.7"]
[White "Vialette, Eric"]
[Black "Ganier, Philippe"]
[Result "0-1"]
[WhiteElo "1724"]
[BlackElo "1490"]
[PlyCount "80"]

1. e4 e6 2. d4 c5 3. Nf3 b6 4. Nc3 cxd4 5. Nxd4 Bb7 6. Bd3 Be7 7. O-O Nf6 8.
Bg5 O-O 9. f4 Nc6 10. Nxc6 Bxc6 11. Rf3 d5 12. e5 Ne4 13. Bxe7 Qxe7 14. Bxe4
dxe4 15. Rh3 g6 16. Qd6 Qb7 17. Qd1 Rad8 18. Qe2 Qe7 19. Nxe4 Bxe4 20. Qxe4
Qc5+ 21. Kh1 Rd4 22. Qe2 Rxf4 23. Qe3 Qc4 24. Qd3 Rc8 25. Qxc4 Rcxc4 26. Ra3
Rxc2 27. Rxa7 Rff2 28. Rg1 Rxb2 29. h3 Rxa2 30. Rxa2 Rxa2 31. Rb1 Re2 32. Rb5
Kg7 33. Kh2 Rd2 34. Kg3 Rd5 35. Rxd5 exd5 36. Kf3 g5 37. g4 Kg6 38. Ke3 f5 39.
gxf5+ Kxf5 40. Kd4 Ke6 0-1

[Event "0pen Est 2012/2013"]
[Site "Aubagne"]
[Date "2013.03.10"]
[Round "6.9"]
[White "Fournier, Alain"]
[Black "Frontera, Pierre"]
[Result "1-0"]
[WhiteElo "1730"]
[BlackElo "1420"]
[PlyCount "55"]

1. d4 Nf6 2. Nf3 d5 3. Bf4 Nc6 4. e3 e6 5. c3 Be7 6. Nbd2 O-O 7. Bd3 g6 8. Qe2
a6 9. Bh6 Re8 10. Ne5 Nd7 11. f4 Ndxe5 12. fxe5 Bg5 13. Bxg5 Qxg5 14. O-O-O Rf8
15. h4 Qe7 16. g4 h6 17. Rdf1 Bd7 18. Rf6 Kg7 19. Rhf1 b5 20. e4 b4 21. exd5
bxc3 22. dxc6 cxb2+ 23. Kb1 Bxc6 24. Nb3 Rab8 25. Nc5 Rb4 26. Nxe6+ fxe6 27.
Rxg6+ Kh7 28. Rxe6+ 1-0

[Event "0pen Est 2012/2013"]
[Site "Aubagne"]
[Date "2013.03.10"]
[Round "6.8"]
[White "Gomez, Jean-Luc"]
[Black "Lemauff, Marc"]
[Result "0-1"]
[WhiteElo "1642"]
[BlackElo "1480"]
[PlyCount "84"]

1. d4 Nf6 2. c4 e6 3. Nf3 b6 4. Bf4 Bb7 5. e3 Be7 6. Nc3 O-O 7. Bd3 d6 8. h3
Nbd7 9. O-O a6 10. Re1 c5 11. Rc1 Rc8 12. Bg5 h6 13. Bxf6 Nxf6 14. Qe2 Re8 15.
Red1 Qc7 16. b3 Nd7 17. d5 e5 18. Nd2 Nf6 19. Bf5 Rcd8 20. Nde4 Bc8 21. Nxf6+
Bxf6 22. Qg4 Bxf5 23. Qxf5 Qd7 24. Qh5 e4 25. Ne2 Re5 26. Qg4 Qxg4 27. hxg4 Rg5
28. f3 exf3 29. gxf3 Re5 30. e4 b5 31. Ng3 Rg5 32. Kg2 Bd4 33. Nf5 Be5 34. Rf1
Bf4 35. Rc2 Re8 36. Re1 h5 37. Kh3 hxg4+ 38. fxg4 g6 39. Nh4 Rge5 40. Rce2 Kg7
41. Ng2 Rh8+ 42. Nh4 Bg5 0-1

[Event "0pen Est 2012/2013"]
[Site "Aubagne"]
[Date "2013.03.10"]
[Round "6.11"]
[White "Benvenuto, Richard"]
[Black "Leadbetter, Peter"]
[Result "0-1"]
[WhiteElo "1460"]
[BlackElo "1570"]
[PlyCount "74"]

1. d4 d5 2. Nf3 Nf6 3. e3 c6 4. c4 dxc4 5. Bxc4 b5 6. Be2 Nbd7 7. O-O e6 8. Nc3
Bb7 9. Qc2 a6 10. Rd1 Be7 11. e4 Rc8 12. Bg5 O-O 13. Bxf6 Nxf6 14. h3 Qc7 15.
e5 Nd5 16. Ne4 h6 17. a3 c5 18. dxc5 Bxc5 19. Nxc5 Qxc5 20. Qxc5 Rxc5 21. b4
Rc3 22. Nd2 Nf4 23. Bf3 Bxf3 24. Nxf3 Nd5 25. Nd2 Rfc8 26. Ne4 Rc2 27. Nc5 a5
28. Rab1 axb4 29. axb4 Nxb4 30. Rxb4 R8xc5 31. Rd8+ Kh7 32. f4 R5c4 33. Rxb5
Rxf4 34. Rbb8 Rff2 35. Rh8+ Kg6 36. Rb7 Rxg2+ 37. Kf1 Rh2 0-1

[Event "0pen Est 2012/2013"]
[Site "Aubagne"]
[Date "2013.03.10"]
[Round "6.12"]
[White "Vicari-Vento, Salvatore"]
[Black "Besucco, Guy"]
[Result "1-0"]
[WhiteElo "1566"]
[BlackElo "1410"]
[PlyCount "67"]

1. e4 c5 2. Nf3 d6 3. d4 cxd4 4. Nxd4 Nf6 5. Nc3 g6 6. Be3 Bg7 7. Qd2 O-O 8. h3
Bd7 9. O-O-O a6 10. g4 Nc6 11. Bg2 Rc8 12. Nxc6 Bxc6 13. Rhg1 b5 14. Nd5 Bxd5
15. exd5 a5 16. Bh6 b4 17. Kb1 Qb6 18. Bxg7 Kxg7 19. Qd4 Qxd4 20. Rxd4 Rc5 21.
Re1 Rfc8 22. Rd2 R8c7 23. f4 a4 24. Bf3 b3 25. cxb3 axb3 26. axb3 Ra7 27. Rc1
Rxc1+ 28. Kxc1 Ra1+ 29. Kc2 Rf1 30. Rd3 Nd7 31. b4 Nb6 32. Kb3 Rxf3 33. Rxf3
Nxd5 34. Ka4 1-0